书目信息 |
| 题名: |
孩子如何学习
|
|
| 作者: | 高普尼克 , 梅尔佐夫 , 库尔 著 ;林文韵 , 杨田田 译 | |
| 分册: | ||
| 出版信息: | 杭州 浙江人民出版社 2019.07 |
|
| 页数: | 219页 | |
| 开本: | 23cm | |
| 丛书名: | 天生学习家系列 | |
| 单 册: | ||
| 中图分类: | B844.12 , G442 | |
| 科图分类: | ||
| 主题词: | 婴幼儿心理学--ying you er xin li xue--学习心理学 | |
| 电子资源: | ||
| ISBN: | 978-7-213-09307-4 | |
| 000 | 01693nam 2200349 450 | |
| 001 | CAL 0120192808920 | |
| 005 | 20230217093112.0 | |
| 010 | @a978-7-213-09307-4@dCNY69.90 | |
| 100 | @a20190717d2019 em y0chiy0120 ea | |
| 101 | 1 | @achi@ceng |
| 102 | @aCN@b330000 | |
| 105 | @aa a 000yy | |
| 106 | @ar | |
| 200 | 1 | @a孩子如何学习@Ahai zi ru he xue xi@f(美) 艾莉森·高普尼克, 安德鲁·梅尔佐夫, 帕特里夏·库尔著@d= The scientist in the crib@fAlison Gopnik, Andrew N. Meltzoff, Patricia K. Kuhl@g林文韵, 杨田田译@zeng |
| 210 | @a杭州@c浙江人民出版社@d2019.07 | |
| 215 | @a219页@c图@d23cm | |
| 225 | 2 | @a天生学习家系列@Atian sheng xue xi jia xi lie |
| 314 | @a艾莉森·高普尼克, 国际公认的儿童学习与发展研究领域, 首位从儿童意识角度深刻剖析学问题的心理学家。安德鲁·梅尔佐夫, 国际著名儿童发展专家, 华盛顿大学学习与脑科学研究所联合主任。帕特里夏·库尔, 世界知名言语发展专家, 华盛顿大学学习与脑科学研究所联合主任等职。 | |
| 320 | @a有书目 | |
| 330 | @a本书作者是美国加州大学伯克利分校的心理学和哲学教授, 她从认知科学的三个新的领域讨论了婴儿和幼儿是如何学到新知识的, 以及父母是如何教会他们的。学习动机是我们最重要的本能。本书为我们揭示了婴儿大脑的奥秘。 | |
| 410 | 0 | @12001 @a天生学习家系列 |
| 500 | 10 | @aScientist in the crib@mChinese |
| 606 | 0 | @a婴幼儿心理学@Aying you er xin li xue@x学习心理学 |
| 690 | @aB844.12@v5 | |
| 690 | @aG442@v5 | |
| 701 | 1 | @a高普尼克@Agao pu ni ke@g(Gopnik, Alison)@4著 |
| 701 | 1 | @a梅尔佐夫@Amei er zuo fu@g(Meltzoff, Andrew N.)@4著 |
| 701 | 1 | @a库尔@Aku er@g(Kuhl, Patricia K.)@4著 |
| 702 | 0 | @a林文韵@Alin wen yun@4译 |
| 702 | 0 | @a杨田田@Ayang tian tian@4译 |
| 801 | 0 | @aCN@bBJXHZP@c20230228 |
| 905 | @b1395708-11@dB844.12@e4594@f4 | |
| 孩子如何学习/(美) 艾莉森·高普尼克, 安德鲁·梅尔佐夫, 帕特里夏·库尔著= The scientist in the crib/Alison Gopnik, Andrew N. Meltzoff, Patricia K. Kuhl/林文韵, 杨田田译.-杭州:浙江人民出版社,2019.07 |
| 219页:图;23cm.-(天生学习家系列) |
| ISBN 978-7-213-09307-4:CNY69.90 |
| 本书作者是美国加州大学伯克利分校的心理学和哲学教授, 她从认知科学的三个新的领域讨论了婴儿和幼儿是如何学到新知识的, 以及父母是如何教会他们的。学习动机是我们最重要的本能。本书为我们揭示了婴儿大脑的奥秘。 |
| ● |
| 相关链接 |
|
|
|
|
正题名:孩子如何学习
索取号:B844.12/4594
 
预约/预借
| 序号 | 登录号 | 条形码 | 馆藏地/架位号 | 状态 | 备注 |
| 1 | 1395708 | 213957084 | 第一样本阅览室/ [索取号:B844.12/4594] | 在馆 | |
| 2 | 1395709 | 213957093 | 第一借阅区/ [索取号:B844.12/4594] | 在馆 | |
| 3 | 1395710 | 213957100 | 第一借阅区/ [索取号:B844.12/4594] | 在馆 | |
| 4 | 1395711 | 213957119 | 第一借阅区/ [索取号:B844.12/4594] | 在馆 |